|
|
|
|
| LEADER |
01342nam a2200265 a 4500 |
| 001 |
27567114 |
| 003 |
GR-PaULI |
| 008 |
190410s gr e 000 0 gre|c |
| 020 |
|
|
|a 9789605780357
|q
|
| 040 |
|
|
|a GrPaTEI
|b gre
|c GR-PaULI
|
| 082 |
0 |
4 |
|a 428.2402465
|2 23
|
| 100 |
1 |
|
|a Balari-Petrianidi, Lina
|
| 245 |
1 |
0 |
|a English for economics and business /
|c L. Balari-Petrianidi, E. Kolethra.
|
| 250 |
|
|
|a 2η έκδ.
|
| 260 |
|
|
|a Αθήνα:
|b Εκδόσεις Νέων Τεχνολογιών,
|c c2018
|
| 300 |
|
|
|a 338 σ. :
|b εικ. ;
|c 24 εκ.
|
| 500 |
|
|
|a Σύστημα ΕΥΔΟΞΟΣ
|
| 504 |
|
|
|a Βιβλιογραφία: σ. [337]-338
|
| 650 |
|
4 |
|a Αγγλική γλώσσα
|x Επιχειρηματικά αγγλικά.
|
| 700 |
1 |
|
|a Κολέθρα, Ελένη,
|e συγγραφέας.
|
| 942 |
|
|
|2 ddc
|
| 952 |
|
|
|0 0
|1 0
|2 ddc
|4 0
|6 428_240246500000000_BAL
|7 0
|9 319210
|a LISK
|b LISK
|c EUD
|d 2021-01-17
|e 24
|f 0
|g 0.00
|l 0
|o 428.2402465 BAL
|p 99241000066395
|r 2021-01-17 00:00:00
|t 1
|w 2021-01-17
|y BK15
|x Purchase/Donation Number
|x General Note
|x GrPaTEI
|
| 952 |
|
|
|0 0
|1 0
|2 ddc
|4 0
|6 428_240246500000000_BAL
|7 1
|9 319211
|a LISK
|b LISK
|c EUD
|d 2021-01-17
|e 24
|f 0
|g 0.00
|l 0
|o 428.2402465 BAL
|p 99241000066394
|r 2021-01-17 00:00:00
|t 1
|w 2021-01-17
|y BKN
|x Purchase/Donation Number
|x General Note
|x GrPaTEI
|
| 971 |
|
|
|a .b27567114
|b 15-04-20
|c 10-04-19
|
| 999 |
|
|
|c 181227
|d 181227
|